Distribuce platů a procentní podíly nízkopříjmových zaměstnanců ve veřejném sektoru se zaměřením na první rok pandemie covid-19
Rozbor rozdistribuovania miezd vo verejnom sektore s zameranie na zamestnancov, poberajúcich v počiatočnom období mzdu na úrovni minimálnej mzdy počas pandémie COVID-19.
Gespeichert in:
| 1. Verfasser: | |
|---|---|
| Weitere Verfasser: | , |
| Format: | Buchkapitel |
| Sprache: | Tschechisch |
| Schlagworte: | |
| Tags: |
Keine Tags, Fügen Sie das erste Tag hinzu!
|
MARC
| LEADER | 00000naa a2200000 4500 | ||
|---|---|---|---|
| 001 | 0297994 | ||
| 005 | 20240109110045.3 | ||
| 041 | 0 | |a cze | |
| 044 | |a CZ | ||
| 245 | 1 | 0 | |a Distribuce platů a procentní podíly nízkopříjmových zaměstnanců ve veřejném sektoru se zaměřením na první rok pandemie covid-19 |c Diana Bílková, Vlastimil Beran, Filip Červenka |
| 520 | |a Rozbor rozdistribuovania miezd vo verejnom sektore s zameranie na zamestnancov, poberajúcich v počiatočnom období mzdu na úrovni minimálnej mzdy počas pandémie COVID-19. | ||
| 610 | 2 | 0 | |a sektor verejný |
| 610 | 2 | 0 | |a platy |
| 610 | 2 | 0 | |a pandémia |
| 610 | 2 | 0 | |a modely |
| 610 | 2 | 0 | |a rozdeľovanie |
| 610 | 2 | 0 | |a zamestnanci |
| 610 | 2 | 0 | |a mzdy minimálne |
| 610 | 2 | 0 | |a predvídanie |
| 100 | 1 | |a Bílková, Diana | |
| 700 | 1 | |a Beran, Vlastimil | |
| 700 | 1 | |a Červenka, Filip | |